Charlotte Flair WWE PPV Opponents - Statistics

General Stats
  • This quiz has been taken 102 times
  • The average score is 115 of 129
Answer Stats
Event Wrestler % Correct
Battleground 2015 | Battleground 2016 | Clash of Champions 2016 | +10 others Sasha Banks
100%
Battleground 2016 | Clash of Champions 2016 | Clash of Champions 2019 | +8 others Bayley
99%
Battleground 2017 | Evoultion | Fastlane 2019 | +15 others Becky Lynch
99%
Fastlane 2023 | SummerSlam 2023 | Survivor Series 2023 | +4 others Asuka
97%
Hell in a Cell 2021 | Money in the Bank 2021 | Royal Rumble 2021 | +6 others Rhea Ripley
96%
Elimination Chamber 2022 | Money in the Bank 2018 | SummerSlam 2015 | Survivor Series 2016 Naomi
94%
TLC 2019 | WrestleMania 33 Nia Jax
94%
Elimination Chamber 2022 | Royal Rumble 2022 | Survivor Series 2018 | +3 others Ronda Rousey
94%
Extreme Rules 2021 | Money in the Bank 2018 | Survivor Series 2016 | Survivor Series 2017 Alexa Bliss
93%
Survivor Series 2019 | Takeover: In Your Hose 2020 Io Shirai
93%
Survivor Series 2023 Iyo Sky
93%
Royal Rumble 2021 | SummerSlam 2023 | Survivor Series 2019 Bianca Belair
91%
Backlash 2017 | Battleground 2017 | Clash of Champions 2017 | +9 others Natalya
91%
Hell in a Cell 2015 | Night of Champions 2015 | SummerSlam 2015 Nikki Bella
91%
Fastlane 2023 Iyo Sky
90%
Survivor Series 2015 | TLC 2015 Paige
90%
Battleground 2015 | Fastlane 2016 | SummerSlam 2015 Brie Bella
88%
Backlash 2017 | Backlash 2018 | Money in the Bank 2017 | +3 others Carmella
84%
Survivor Series 2023 | TLC 2019 Kairi Sane
81%
Backlash 2017 | Battleground 2017 | Money in the Bank 2017 | SummerSlam 2015 Tamina
79%
TLC 2019 Shayna Baszler
76%
SummerSlam 2019 Trish Stratus
72%
SummerSlam 2021 Nikki ASH
67%
Survivor Series 2019 Nikki Cross
67%
SummerSlam 2015 Alicia Fox
63%
Fastlane 2018 Ruby Riott
61%
Takeover: Unstoppable Emma
57%
Survivor Series 2019 | Takeover: Unstoppable Dana Brooke
54%
Survivor Series 2019 Lacey Evans
51%
Survivor Series 2019 Candice LeRae
49%
Battleground 2017 | Money in the Bank 2018 Lana
48%
Money in the Bank 2018 Ember Moon
40%
Survivor Series 2019 Toni Storm
39%
Royal Rumble 2020 Shayna Baszler
15%
No matching quizzes found
Score Distribution
Percent of People with Each Score
Percentile by Number Answered
Your Score History
You have not taken this quiz